| 000 | 00378nam a2200157Ia 4500 | ||
|---|---|---|---|
| 008 | 230312s9999||||xx |||||||||||||| ||und|| | ||
| 020 | _a0-201-50158-9 | ||
| 082 |
_a657.0285 _bCUS |
||
| 100 | _aCushing, Barry M | ||
| 245 | 0 | _aAccounting Informatin System | |
| 260 |
_bAddison Wisley _aNew York _c1990 |
||
| 300 | _a850 | ||
| 546 | _aEng. | ||
| 650 | _aAccounting | ||
| 942 | _cBK | ||
| 999 |
_c4943 _d4943 |
||